000
00269nam a22001217a 4500
003
SGT
082
_b
KUM
100
_a
KUMAR, MUNESH
245
_a
KLA SHIKSHA AWM KARY ANUBHAV THA PATHANTR KRIYAYE
260
_a
DELHI
_b
JBT
_c
2009
300
_a
276
942
_2
ddc
_c
BK
999
_c
19933
_d
19933